Four Letter Ladder Quiz Stats

 Plays Quiz not verified by Sporcle

Challenge
Share
Tweet
Embed
Score 0/24 Timer 10:00
0 Plays Today
Hint Answer % Correct
Most excellentBest
96.8%
Music rhythm Beat
93.5%
CarnivoreMeat
93.5%
VegetableBeet
90.3%
ChairSeat
90.3%
CampingTent
90.3%
CurveBent
90.3%
MailboxSent
87.1%
WaggingTail
86.7%
PartyFest
83.9%
Walk onFeet
83.9%
PhoneCall
83.9%
Hint Answer % Correct
PushPull
80.6%
VotePoll
80.6%
CompleteFull
77.4%
CardMail
77.4%
ShopMall
77.4%
ClothingBelt
74.2%
MaterialFelt
74.2%
ShortTall
74.2%
DownFell
71%
HardToll
71%
BoatSail
71%
CowCalf
67.7%

You're not logged in!

Compare scores with friends on all Sporcle quizzes.
OR
Log In

You Might Also Like...

Show Comments

Extras

Created Nov 30, 2014ReportNominate
Tags:Word Ladder Quiz

Top Quizzes Today


Score Distribution

Your Account Isn't Verified!

In order to create a playlist on Sporcle, you need to verify the email address you used during registration. Go to your Sporcle Settings to finish the process.

Report this User

Report this user for behavior that violates our Community Guidelines.

Details: